Vybrané kapitoly zo štatistiky
Guardado en:
| Autor principal: | |
|---|---|
| Autor Corporativo: | |
| Otros Autores: | , , |
| Formato: | Libro |
| Lenguaje: | eslovaco |
| Publicado: |
Bratislava
Letra Edu
2022
|
| Edición: | 1. vydanie |
| Materias: | |
| Etiquetas: |
Sin Etiquetas, Sea el primero en etiquetar este registro!
|
MARC
| LEADER | 00000nam a2200000 4500 | ||
|---|---|---|---|
| 001 | 0288695 | ||
| 005 | 20240502074425.1 | ||
| 020 | |a 978-80-974180-4-5 | ||
| 041 | 0 | |a slo | |
| 044 | |a SK | ||
| 245 | 1 | 0 | |a Vybrané kapitoly zo štatistiky |c Eva Kotlebová - Silvia Komara ; recenzovali: Tatiana Šoltésová, Lucia Švábová |
| 250 | |a 1. vydanie | ||
| 264 | 1 | |a Bratislava |b Letra Edu |c 2022 | |
| 300 | |a [151 s.] [6,9 AH] | ||
| 610 | 2 | 0 | |a štatistika |
| 100 | 1 | |a Kotlebová, Eva | |
| 700 | 1 | |a Komara, Silvia, 1985- | |
| 700 | 1 | |a Šoltésová, Tatiana, 1975- | |
| 700 | 1 | |a Švábová, Lucia | |
| 110 | 2 | |a Ekonomická univerzita v Bratislave. Fakulta hospodárskej informatiky | |